000 01554cam a2200157 4500500
005 20260405090348.0
041 _afre
042 _adc
100 1 0 _aBachelart, Dominique
_eauthor
700 1 0 _aBesse, Laurent
_eauthor
700 1 0 _aCottereau, Dominique
_eauthor
245 0 0 _aÉducation à l’environnement : Une histoire et un dictionnaire
260 _bLa Documentation française,
_c2025.
520 _aDe "l'animation environnementale" à "l'éducation à l'environnement" : explorez les décennies 1970-1990, où des concepts éducatifs, des pédagogies et des organisations ont émergé, donnant naissance à un secteur clé d'aujourd’hui.Les fondements historiques des pratiques actuelles d'éducation à l'environnement ;Les acteurs clés – bénévoles, volontaires, puis animateurs permanents – et leurs expérimentations concrètes sur le terrain ;La relation complexe et complémentaire entre l'éducation à l'environnement hors de l'école et l'institution scolaire, marquée par des figures d'enseignants engagés ;Un dictionnaire des notions et acteurs clés et du vocabulaire de cette période, offrant un éclairage indispensable pour comprendre les enjeux et les termes d'aujourd'hui ;Une analyse documentée, fondée sur des archives, des entretiens avec d'anciens acteurs et des journées d'étude.Ce livre vous apportera un éclairage sur les débuts d'un domaine en constante évolution.
856 4 1 _uhttps://shs.cairn.info/education-a-l-environnement--9782111742451?lang=fr&redirect-ssocas=7080
999 _c2204751
_d2204750